| 000 | 00632nam a2200181 4500 | ||
|---|---|---|---|
| 001 | 108263 | ||
| 003 | ES-MaACL | ||
| 005 | 20230906184618.0 | ||
| 007 | t| | ||
| 008 | 061121s1955 sp r ||||1| spa d | ||
| 100 | 1 |
_aMontel, Alberto. _982446 |
|
| 245 | 1 | 0 |
_aProblemas de la responsabilidad y del daño / _cAlberto Monel, versión española por Francisco Sobrao Martínez; prólogo y notas de derecho español por J. Roca Juan. |
| 260 |
_aAlcoy : _bMarfil, _c1955. |
||
| 300 |
_a297 p. ; _c24 cm. |
||
| 700 | 1 |
_aSobrao Martínez, Francisco. _9106993 |
|
| 700 | 1 |
_aRoca Juan, Juan. _997999 |
|
| 852 |
_aES-MaACL _jC-22448 _bR.50138 |
||
| 999 |
_c108263 _d108263 |
||